000 00620nam a2200193Ia 4500
003 GCL
008 140319s9999 xx 000 0 ara d
020 _a6535875977
040 _aGCL /
_cGCL
082 0 4 _a891.51
_bهـ ا
100 1 _aهورن، لباول
245 1 0 _aالادب الفارسى القديم /
_cهورن، لباول
250 _aالاولى
260 _aالقاهرة :
_bالدار الثقافية للنشر ،
_c1999
300 _a140 ص ؛
_c20 سم
650 0 4 _aالادب الفارسى القديم
650 0 4 _aالادب الفارسى - تاريخ ونقد
942 _2ddc
_cBK
999 _c5121
_d5121